01383nab a22002537a 4500003000400000005001700004008004100021040000700062100003100069245019900100260007300299300001300372500003700385505013400422505016700556505008200723650001800805650002400823650003000847650001700877650004000894650004600934773014900980OSt20251218075551.0190429b xxu||||| |||| 00| 0 spa d cPJ aBarreix, María Carolina 10aReparación integral y transformadora en delitos contra la dignidad e integridad de personas con discapacidad :bdesafíos y perspectivas jurídicas en Argentina /cMaría Carolina Barreix. cCiudad Autónoma de Buenos Aires :aThomson Reuters La Ley, b2025. ap. 68-73 aCita: TR LALEY AR/DOC/408/2025  aSumario: I. Introducción.— II. Variaciones del tema.— III. Ley de Salud Mental y Acceso a la Justicia.— IV. Conclusión. aFallo comentado: TCrim. Nro. 1, Necochea ~ 29/04/2024 ~ H. R. R. R. Y M. E. s/ abuso sexual con acceso carnal agravado por la comisión de dos o más personas. tSi te interesa el texto completo, solicitalo a koha@justierradelfuego.gov.ar  0aDERECHO PENAL 0aREPARACION INTEGRAL 0aPERSONAS CON DISCAPACIDAD 0aSALUD MENTAL 0aDELITOS CONTRA LA INTEGRIDAD SEXUAL 0aABUSO SEXUAL CALIFICADO POR ACCESO CARNAL0 02658tRevista de derecho penal y criminología. Nº 3 - Abril 2025dCiudad Autónoma de Buenos Aires : Thomson Reuters La Ley, 2017-x00347914